00678nam a2200169Ia 4500008004100000020001800041082001800059110001100077245008600088260002200174300001000196500004500206650005000251952009500301952009500396999001700491120629s9999 xx 000 0 und d a970-704-089-0 a378.002 A637a aANUIES aCatálogo de posgrado en universidades e institutos tecnológicos 2005 / ANUIES aMéxico : ANUIES a130 p aÍndice alfabético de instituciones  a1. EDUCACION SUPERIOR-CATALOGO DE POSGRADOÌ 00104070a15b15d2007-07-11l0o378.002 A637Ap15 002180r2017-12-07t1w2012-06-28yLB 00104070a15b15d2007-07-11l0o378.002 A637Ap15 002181r2017-12-07t2w2012-06-28yLB c75527d75527